Molecular Genetics (Record no. 16450)

000 -LEADER
fixed length control field 00656nam a22002297a 4500
003 - CONTROL NUMBER IDENTIFIER
control field OSt
005 - DATE AND TIME OF LATEST TRANSACTION
control field 20170105103440.0
008 - FIXED-LENGTH DATA ELEMENTS--GENERAL INFORMATION
fixed length control field 120419t xxu||||| |||| 00| 0 eng d
020 ## - INTERNATIONAL STANDARD BOOK NUMBER
International Standard Book Number 0716706849
040 ## - CATALOGING SOURCE
Original cataloging agency ASAB Library
Transcribing agency ASAB Library
050 ## - LIBRARY OF CONGRESS CALL NUMBER
Classification number 574.87
082 ## - DEWEY DECIMAL CLASSIFICATION NUMBER
Edition number 2nd
100 ## - MAIN ENTRY--PERSONAL NAME
Personal name Gunther S .Stent and Richard Calendar
9 (RLIN) 69
245 ## - TITLE STATEMENT
Title Molecular Genetics
Remainder of title An Introductory Narrative
260 ## - PUBLICATION, DISTRIBUTION, ETC.
Place of publication, distribution, etc. India
Name of publisher, distributor, etc. CBS Pub & Distributors
300 ## - PHYSICAL DESCRIPTION
Extent 773
440 ## - SERIES STATEMENT/ADDED ENTRY--TITLE
Title Mlecular Genetics An Introductory Narrative
9 (RLIN) 70
600 ## - SUBJECT ADDED ENTRY--PERSONAL NAME
Personal name Gunther S Stent
9 (RLIN) 71
650 ## - SUBJECT ADDED ENTRY--TOPICAL TERM
Source of heading or term Molecular Genetics
9 (RLIN) 72
700 ## - ADDED ENTRY--PERSONAL NAME
Personal name Gunther S Stent
9 (RLIN) 73
942 ## - ADDED ENTRY ELEMENTS (KOHA)
Source of classification or shelving scheme
Koha item type Book
Holdings
Withdrawn status Lost status Source of classification or shelving scheme Damaged status Not for loan Permanent Location Current Location Date acquired Total Checkouts Full call number Barcode Date last seen Price effective from Koha item type
          Atta-ur-Rahman School of Applied Biosciences (ASAB) Atta-ur-Rahman School of Applied Biosciences (ASAB) 04/19/2012   574.87 ,STE ASAB534 04/25/2012 04/19/2012 Book
© 2023 Central Library, National University of Sciences and Technology. All Rights Reserved.